Photosynthesis in relation to model systems (Record no. 35455)

MARC details
000 -LEADER
fixed length control field 00879nam a2200325Ia 4500
082 ## - DEWEY DECIMAL CLASSIFICATION NUMBER
Classification number 581.132
Item number BAR.3;1
245 #0 - TITLE STATEMENT
Title Photosynthesis in relation to model systems
260 ## - PUBLICATION, DISTRIBUTION, ETC. (IMPRINT)
Place of publication Amsterdam
Name of publisher Elsevier
Year of publication 1979
490 ## - SERIES STATEMENT
Series statement Topics in photosynthesis. V 3
650 ## - SUBJECT ADDED ENTRY--TOPICAL TERM
Topical Term Bacterial reaction
650 ## - SUBJECT ADDED ENTRY--TOPICAL TERM
Topical Term Bacteriorhodopsin
650 ## - SUBJECT ADDED ENTRY--TOPICAL TERM
Topical Term Biophotolysis
650 ## - SUBJECT ADDED ENTRY--TOPICAL TERM
Topical Term Chromatophore
650 ## - SUBJECT ADDED ENTRY--TOPICAL TERM
Topical Term Cyanobacteria
650 ## - SUBJECT ADDED ENTRY--TOPICAL TERM
Topical Term Glutaradebyde
650 ## - SUBJECT ADDED ENTRY--TOPICAL TERM
Topical Term Ion transport
650 ## - SUBJECT ADDED ENTRY--TOPICAL TERM
Topical Term Lipid membrane
650 ## - SUBJECT ADDED ENTRY--TOPICAL TERM
Topical Term Liposome
650 ## - SUBJECT ADDED ENTRY--TOPICAL TERM
Topical Term Orhtodox electrometer
650 ## - SUBJECT ADDED ENTRY--TOPICAL TERM
Topical Term Photocatalyst
650 ## - SUBJECT ADDED ENTRY--TOPICAL TERM
Topical Term Photophosphorylation
650 ## - SUBJECT ADDED ENTRY--TOPICAL TERM
Topical Term Photosynthesis
650 ## - SUBJECT ADDED ENTRY--TOPICAL TERM
Topical Term Protein crosslinking
650 ## - SUBJECT ADDED ENTRY--TOPICAL TERM
Topical Term Spectroscopy
650 ## - SUBJECT ADDED ENTRY--TOPICAL TERM
Topical Term Transduction
650 ## - SUBJECT ADDED ENTRY--TOPICAL TERM
Topical Term Water splitting enzyme
700 ## - ADDED ENTRY--PERSONAL NAME
Personal name BARBER, J
942 ## - ADDED ENTRY ELEMENTS (KOHA)
Koha item type Books
Holdings
Withdrawn status Lost status Damaged status Not for loan Home library Current library Date acquired Full call number Accession Number Koha item type
        RRII Library RRII Library 16/12/2021 581.132 BAR.3;1 15879 Books